Подробности
| 000 -МАРКЕР |
| контрольное поле |
02622nam2a2200361 4500 |
| 001 - ИДЕНТИФИКАТОР ЗАПИСИ |
| контрольное поле |
RU\NLR\BIBL_A\011766524 |
| 005 - ИДЕНТИФИКАТОР ВЕРСИИ |
| контрольное поле |
20181218103820.0 |
| 010 ## - МЕЖДУНАРОДНЫЙ СТАНДАРТНЫЙ НОМЕР КНИГИ (ISBN) |
| Номер (ISBN) |
978-5-91327-526-4 |
| Тираж |
500 |
| 021 ## - НОМЕР ГОСУДАРСТВЕННОЙ РЕГИСТРАЦИИ |
| Код страны |
Российская Федерация |
| Номер |
КН-П-18-050332 |
| Номер Листа государственной регистраци |
КН-П-18-3622 |
| 035 ## - ДРУГИЕ СИСТЕМНЫЕ НОМЕРА |
| Идентификатор записи |
(NLR Aleph) 011766524 |
| 035 ## - ДРУГИЕ СИСТЕМНЫЕ НОМЕРА |
| Идентификатор записи |
(RuMoRGB)009683997 |
| 100 ## - ДАННЫЕ ОБЩЕЙ ОБРАБОТКИ |
| Данные общей обработки |
20180809d2018 k y0rusy50 ca |
| 101 0# - ЯЗЫК РЕСУРСА |
| Язык текста, звукозаписи и т.д. |
русский |
| 102 ## - СТРАНА ПУБЛИКАЦИИ ИЛИ ПРОИЗВОДСТВА |
| Страна публикации |
Российская Федерация |
| 105 ## - ПОЛЕ КОДИРОВАННЫХ ДАННЫХ: ТЕКСТОВЫЕ МАТЕРИАЛЫ, МОНОГРАФИЧЕСКИЕ |
| Кодированные данные о монографическом текстовом документе |
a z 000zy |
| 200 0# - ЗАГЛАВИЕ И СВЕДЕНИЯ ОБ ОТВЕТСТВЕННОСТИ |
| Основное заглавие |
Кн. 4 |
| Первые сведения об ответственности |
[Борисова В.П., Васильева Г.С., Владимирова Е.Л. и др.] |
| Последующие сведения об ответственности |
ФГБОУ ВО "Якутская государственная сельскохозяйственная академия", ФГБУН "Якутский научный центр" Сибирского отделения Российской академии наук |
| 210 ## - ПУБЛИКАЦИЯ, РАСПРОСТРАНЕНИЕ И ДР. |
| Дата издания, распространения и т.д. |
2018 |
| 215 ## - ФИЗИЧЕСКАЯ ХАРАКТЕРИСТИКА |
| Специфическое обозначение материала и объем |
115 с. |
| Другие сведения о физической характеристике |
ил., табл. |
| 320 ## - ПРИМЕЧАНИЯ О НАЛИЧИИ В ДОКУМЕНТЕ БИБЛИОГРАФИИ / УКАЗАТЕЛЯ |
| Текст примечания |
Библиогр.: с. 109-114 (71 назв.) и в подстроч. примеч. |
| 461 #0 - УРОВЕНЬ НАБОРА |
| Встроенное поле |
001RU\NLR\BIBL_A\010819815 |
| -- |
2001#$aОбщество. Культура. Образование$eмонография$f[П.Н. Жондоров, доц., к.филос.н., Н.К. Лотова, доц., к.п.н., проф., А.Г. Пудов, к.филос.н. и др.]$gпод общ. ред. В.П. Старостина$gРос. Акад. Естествознания, Изд. Дом Академии Естествознания$vКн. 4 |
| Системный номер (АБИС) связанной записи |
10238654 |
| Место публикации |
Москва |
| Дата публикации |
2014 |
| Первые сведения об ответственности |
[П.Н. Жондоров, доц., к.филос.н., Н.К. Лотова, доц., к.п.н., проф., А.Г. Пудов, к.филос.н. и др.] |
| Имя издателя, распространителя и т.д. |
Издательский Дом Академии Естествознания |
| Сведения, относящиеся к заглавию |
монография |
| Заглавие |
Общество. Культура. Образование |
| Номер тома |
Кн. 4 |
| 606 1# - НАИМЕНОВАНИЕ ТЕМЫ КАК ПРЕДМЕТ |
| Наименование темы |
Сельское хозяйство |
| Географический подзаголовок |
Саха (Якутия), Республика |
| Системный номер авторитетной/нормативной записи |
2087368 |
| Идентификатор авторитетной/нормативной записи |
RU\NLR\AUTH\661263531 |
| 686 1# - ИНДЕКСЫ ДРУГИХ КЛАССИФИКАЦИЙ |
| Индекс |
У32(2Р-6Я) |
| 686 1# - ИНДЕКСЫ ДРУГИХ КЛАССИФИКАЦИЙ |
| Индекс |
У03(2Р-6Я)74 |
| 701 #1 - ИМЯ ЛИЦА - АЛЬТЕРНАТИВНАЯ ОТВЕТСТВЕННОСТЬ |
| Начальный элемент ввода |
Борисова |
| Часть имени, кроме начального элемента ввода |
В. П. |
| Дополнения к именам, кроме дат |
преподаватель, англ. яз. |
| Даты |
Вилена Петровна |
| Системный номер авторитетной/нормативной записи |
195241 |
| Идентификатор авторитетной/нормативной записи |
RU\NLR\AUTH\770195292 |
| 701 #1 - ИМЯ ЛИЦА - АЛЬТЕРНАТИВНАЯ ОТВЕТСТВЕННОСТЬ |
| Начальный элемент ввода |
Васильева |
| Часть имени, кроме начального элемента ввода |
Г. С. |
| Дополнения к именам, кроме дат |
канд. биол. наук |
| Даты |
Галина Софроновна |
| Системный номер авторитетной/нормативной записи |
195249 |
| Идентификатор авторитетной/нормативной записи |
RU\NLR\AUTH\770195300 |
| 701 #1 - ИМЯ ЛИЦА - АЛЬТЕРНАТИВНАЯ ОТВЕТСТВЕННОСТЬ |
| Графика поля |
Кириллица |
| Материалы, к которым относится поле |
rus |
| Начальный элемент ввода |
Владимирова |
| Часть имени, кроме начального элемента ввода |
Е. Л. |
| Дополнения к именам, кроме дат |
канд. юрид. наук |
| Расширение инициалов личного имени |
Елена Леонидовна |
| Системный номер авторитетной/нормативной записи |
164874 |
| Идентификатор авторитетной/нормативной записи |
RU\NLR\AUTH\770164918 |
| 852 ## - МЕСТОНАХОЖДЕНИЕ И ШИФР ХРАНЕНИЯ |
| Идентификатор организации |
NLR |
| Шифр хранения (Call Number) |
2015-3/8650 |
| 942 ## - ДОПОЛНИТЕЛЬНЫЕ ЭЛЕМЕНТЫ ЗАПИСИ (АБИС) |
| Тип экземпляра АБИС |
Книга |
| 980 ## - КОЛЛЕКЦИЯ |
| Название коллекции |
Национальная библиография |